000 01120nam a2200265Ia 4500
003 OSt
005 20221005102913.0
006 a|||||r|||| 00| 0
007 ta
008 221004b |||||||| |||| 00| 0 san d
020 _a818693328X (pbk)
_c100
024 _a109790
037 _b543, 15/03/2011, Eastern Book Linkers
_cTextual
040 _aCRL
_cCRL
_bsan
041 _2san
_asan
082 _aO15(Q3):g(Q223), 152P6
100 _aरॉंवका, संस्कृति
245 0 _aजैन संस्कृत - साहित्य में श्री कृष्ण चरित
_b एक अध्ययन
246 _aJain sanskṛut - sāhitya mean shrī kṛuṣhṇa charita: ek adhyayana
260 _aइन्दौर
_bकुन्दकुन्द ज्ञानपीठ भारत
_c2006
300 _a168पृ0
_ccm.
650 _aसंस्कृत साहित्य
942 _hO15(Q3):g(Q223), 152P6
_cTEXL
_2cc
999 _c1009088
_d1009088